000
00321nam a22001457a 4500
008
210311b ||||| |||| 00| 0 eng d
020
_a
9780915793297
041
_a
eng
080
_a
316
082
_a
316
100
_a
50
101
_a
SOC
245
_a
The Kid's Guide to Social Action
_c
Lewis,A.B
942
_2
udc
_c
BK
999
_c
56443
_d
56443